00670nam a2200157Ia 4500008004100000100003300041245008200074245011500156260005300271260000900324300001100333650001500344856006100359999001900420952007300439170221s9999 xx 000 0 und d aLarisa Viktorovna Prokhorova aRights of Minors in the Sphere of Culture, Recreation and Leisure Activities  cLarisa Viktorovna Prokhorova, Anna Maximovna Rabets, Elena Olegovna Tchinaryan, Anait Vyacheslavovna Markosyan bInternational Review of Management and Marketing c2016 a6 : 3S xMarketing. uhttp://www.econjournals.com/index.php/irmm/issue/view/75 c308445d308445 001040aCLbCLd2017-02-21l0r2017-02-21 00:00:00w2017-02-21yFOJ